Top 3 Ekstraklasy od sezonu 2015/16 - Statystyki

Ogólne statystyki
  • Ten quiz został rozwiązany 60 razy
    14 od ostatniego zresetowania
  • Średni wynik to 29 z 30
Statystyki odpowiedzi
Sezon Klub Miejsce % Poprawnych
24/25 Jagiellonia Białystok 3.
100%
23/24 Jagiellonia Białystok 1.
100%
17/18 Jagiellonia Białystok 2.
100%
16/17 Jagiellonia Białystok 2.
100%
24/25 Lech Poznań 1.
100%
22/23 Lech Poznań 3.
100%
21/22 Lech Poznań 1.
100%
19/20 Lech Poznań 2.
100%
17/18 Lech Poznań 3.
100%
16/17 Lech Poznań 3.
100%
23/24 Legia Warszawa 3.
100%
22/23 Legia Warszawa 2.
100%
20/21 Legia Warszawa 1.
100%
19/20 Legia Warszawa 1.
100%
18/19 Legia Warszawa 2.
100%
17/18 Legia Warszawa 1.
100%
16/17 Legia Warszawa 1.
100%
15/16 Legia Warszawa 1.
100%
21/22 Pogoń Szczecin 3.
100%
20/21 Pogoń Szczecin 3.
100%
24/25 Raków Częstochowa 2.
100%
22/23 Raków Częstochowa 1.
100%
21/22 Raków Częstochowa 2.
100%
20/21 Raków Częstochowa 2.
100%
18/19 Lechia Gdańsk 3.
92%
19/20 Piast Gliwice 3.
92%
18/19 Piast Gliwice 1.
92%
15/16 Piast Gliwice 2.
92%
23/24 Śląsk Wrocław 2.
92%
15/16 Zagłębie Lubin 3.
85%
Nie znaleziono quizów pasujących do podanych kryteriów
Rozkład punktacji
Procent ludzi z każdym wynikiem
Percentyl według liczby udzielonych odpowiedzi
Twoja historia wyników
Nie rozwiązałeś tego quizu od ostatniego zresetowania